Historia de Chile: desde la prehistoria hasta 1891

Guardat en:
Dades bibliogràfiques
Autor principal: Encina, Francisco Antonio (autor)
Format: Llibre
Idioma:espanyol
Publicat: Santiago, Chile Nascimento 1955
Edició:Cuarta edición
Matèries:
Etiquetes: Afegir etiqueta
Sense etiquetes, Sigues el primer a etiquetar aquest registre!

MARC

LEADER 00000nam a2200000 a 4500
001 UCP9629
003 CL-VaPUC
005 20210222150954.0
008 000331e19550000CL |||||||||||||||||spa|d
999 |c 286420  |d 286418 
040 |c Pontificia Universidad Católica de Valparaíso 
082 0 4 |a 983 ENC 1955  |2 21 
100 |a Encina, Francisco Antonio  |e autor  |9 515542 
245 1 0 |a Historia de Chile:  |b  desde la prehistoria hasta 1891 
250 |a Cuarta edición 
260 |a Santiago, Chile  |b Nascimento  |c 1955 
300 |a volúmenes 
583 |a last modification  |c 20000331 00:00:00  |k Rodrigo Vera 
650 0 |a Historia de Chile  |9 265473 
650 7 |a Descubrimiento y Conquista  |2 CL-VaPUC  |9 321428  |x Historia de Chile 
650 7 |a Colonización  |x Aborígenes  |9 859584 
852 |a BIBCUR 
942 |c BK  |2 ddc 
945 |d 20000331 00:00:00  |a lriquelm 
952 |0 0  |1 0  |2 ddc  |4 0  |6 983_000000000000000_ENC_1955  |7 0  |8 A  |9 332307  |a BIBHIS  |b BIBHIS  |d 2019-11-20  |h v.1  |i 1251082  |o 983 ENC 1955  |p 1251082  |r 2025-01-20  |t 1  |w 2019-11-20  |y BK  |k HIS 
952 |0 0  |1 0  |2 ddc  |4 0  |6 983_000000000000000_ENC_1955  |7 0  |8 A  |9 332308  |a BIBHIS  |b BIBHIS  |d 2019-11-20  |h v.2  |i 1251090  |o 983 ENC 1955  |p 1251090  |r 2025-01-20  |t 1  |w 2019-11-20  |y BK  |k HIS 
952 |0 0  |1 0  |2 ddc  |4 0  |6 983_000000000000000_ENC_1955  |7 0  |8 A  |9 332309  |a BIBHIS  |b BIBHIS  |d 2019-11-20  |h v.3  |i 1251104  |o 983 ENC 1955  |p 1251104  |r 2025-01-20  |t 1  |w 2019-11-20  |y BK  |k HIS 
952 |0 0  |1 0  |2 ddc  |4 0  |6 983_000000000000000_ENC_1955  |7 0  |8 A  |9 332310  |a BIBHIS  |b BIBHIS  |d 2019-11-20  |h v.1  |i 1251368  |o 983 ENC 1955  |p 1251368  |r 2025-01-20  |t 2  |w 2019-11-20  |y BK  |k HIS